000 00295nam a2200121Ia 4500
008 220216s9999 xx 000 0 und d
100 _aNekola Ken
245 0 _aAdvanced technology in internal mixers
260 _bRubber World
_c1992
300 _aP 34-7
700 _aAsada Mitch
942 _cJS
999 _c53865
_d53865